| 000 | 00729cam a22002174a 4500 | ||
|---|---|---|---|
| 001 | 1213783 | ||
| 005 | 20241209135947.0 | ||
| 008 | 990408s2000 cauab b 001 0 eng | ||
| 020 | _a053453001X (hardback) | ||
| 020 | _a0534563252 (student pbk. ed.) | ||
| 020 | _a0534563260 (annotated instructor's ed.) | ||
| 050 | 0 | 0 |
_aQH307.2 _b.S73 2000 |
| 082 | 0 | 0 |
_a570 _221 |
| 100 | 1 | _aStarr, Cecie. | |
| 245 | 1 | 0 |
_aBiology : _bconcepts and applications / _cCecie Starr. |
| 250 | _a4th ed., annotated instructor's ed. | ||
| 260 |
_aPacific Grove, CA : _bBrooks/Cole, _cc2000. |
||
| 300 |
_axxiii, 788 p. : _bcol. ill., maps ; _c29 cm. + _e1 computer laser optical disc (4 3/4 in.) |
||
| 650 | 0 | _aBiology. | |
| 942 |
_2lcc _cBK _e4th ed. _n0 |
||
| 999 |
_c2000 _d2000 |
||